Modern entomology / (Record no. 134845)

MARC details
000 -LEADER
fixed length control field 00719nam a22002537a 4500
005 - DATE AND TIME OF LATEST TRANSACTION
control field 20170124110236.0
010 ## - LIBRARY OF CONGRESS CONTROL NUMBER
LC control number A-895128
020 ## - INTERNATIONAL STANDARD BOOK NUMBER
Terms of availability 00.00
035 ## - SYSTEM CONTROL NUMBER
System control number A-895128
037 ## - SOURCE OF ACQUISITION
Source of stock number/acquisition Cen Lib/Ret
040 ## - CATALOGING SOURCE
Original cataloging agency DPL
Language of cataloging EN
082 ## - DEWEY DECIMAL CLASSIFICATION NUMBER
Classification number 595.7
Item number TEM
100 ## - MAIN ENTRY--PERSONAL NAME
Personal name Tembhare, D.B.
9 (RLIN) 41948
245 ## - TITLE STATEMENT
Title Modern entomology /
Statement of responsibility, etc by D.B. Tembhare
260 ## - PUBLICATION, DISTRIBUTION, ETC. (IMPRINT)
Place of publication, distribution, etc Mumbai
Name of publisher, distributor, etc Himalaya Publishing House
Date of publication, distribution, etc 1997
270 ## - ADDRESS
Address Ramdoot,Dr.Bhalerao Marg Girgaon
City Mumbai
Postal code 400004
300 ## - PHYSICAL DESCRIPTION
Extent 623p. :
Dimensions 24cm(Hb)
Other physical details ill.
500 ## - GENERAL NOTE
General note Includes bibliographical reference and index
650 ## - SUBJECT ADDED ENTRY--TOPICAL TERM
Topical term or geographic name as entry element Entomology
9 (RLIN) 41949
650 ## - SUBJECT ADDED ENTRY--TOPICAL TERM
Topical term or geographic name as entry element Insects
9 (RLIN) 20516
700 ## - ADDED ENTRY--PERSONAL NAME
9 (RLIN) 20476
700 ## - ADDED ENTRY--PERSONAL NAME
9 (RLIN) 1186
942 ## - ADDED ENTRY ELEMENTS (KOHA)
Source of classification or shelving scheme Dewey Decimal Classification
Koha item type English Books
Classification part 595.7
Call number suffix TEM
Holdings
Withdrawn status Lost status Damaged status Not for loan Collection code Home library Current library Date acquired Source of acquisition Cost, normal purchase price Total Checkouts Full call number Barcode Date last seen Copy number Cost, replacement price Price effective from Koha item type
      Not For Loan Reference Central Library Central Library 31/07/2015 Cen Lib/Ret 0.00   595.7 TEM A-895128 31/07/2015 1 0.00 31/07/2015 English Books

© Delhi Public Library
Hit Counter
free hit counter